000 00712cab a2200229 4500
001 ABS54556
008 090401t1996 xxu||||| |||| 00| 0 eng d
035 _a(Sirsi) u11088
041 _aeng
245 _aVoluntary Purchase Grant scheme
260 _c1996
350 _a0
490 _aHA Weekly
_v(449) 23 February 1996, 21-24(4)
520 _aOutlines the main principles of the Voluntary Purchase Grant scheme (to be introduced on 1 April 1996), that will extend the idea of `right to buy`.
650 _aHOUSING ASSOCIATIONS
650 _aRIGHT TO BUY
650 _aSOCIAL HOUSING
650 _aVOLUNTARY PURCHASE GRANT SCHEME
690 _aHOUSING-FINANCE
942 _n0
948 _c04/03/1997
999 _c7067
_d7067